Reconnaissance soil survey Luena sugarcane area Juapula Province. (Record no. 80266)
[ view plain ]
| 000 -LEADER | |
|---|---|
| fixed length control field | 00483cam9a220018100 4500 |
| 001 - CONTROL NUMBER | |
| control field | tmp15886434 |
| 003 - CONTROL NUMBER IDENTIFIER | |
| control field | UPRA |
| 005 - DATE AND TIME OF LATEST TRANSACTION | |
| control field | 20190816085253.0 |
| 008 - FIXED-LENGTH DATA ELEMENTS--GENERAL INFORMATION | |
| fixed length control field | 951108s1977 xx eng u |
| 035 ## - SYSTEM CONTROL NUMBER | |
| System control number | (Sirsi) r37440 |
| 035 ## - SYSTEM CONTROL NUMBER | |
| System control number | (UPRA)tmp15886434 |
| 040 ## - CATALOGING SOURCE | |
| Transcribing agency | UPRA |
| 100 1# - MAIN ENTRY--PERSONAL NAME | |
| Personal name | Van Sleen, Lucas A. |
| Linkage | A33321.1 |
| 245 10 - TITLE STATEMENT | |
| Title | Reconnaissance soil survey Luena sugarcane area Juapula Province. |
| 260 ## - PUBLICATION, DISTRIBUTION, ETC. | |
| Date of publication, distribution, etc. | 1977. |
| 949 ## - LOCAL PROCESSING INFORMATION (OCLC) | |
| a | A42(O8) |
| w | lcc |
| m | MAIN |
| t | BOOK |
| l | ON-SHELF |
No items available.